Star Wars Characters in All 3 Trilogies Quiz Stats

 Plays Quiz Updated Sep 17, 2018

Score 0/6 Timer 01:00
1 Play Today
Appearances Character % Correct
III-IXLuke Skywalker
88.7%
III-IXPrincess Leia Organa
82.1%
I - IXR2-D2
75.8%
I-III, V-VI, VIIIYoda
74.9%
I - IXC-3PO
73.8%
III-IXChewbacca
55.5%

You're not logged in!

Compare scores with friends on all Sporcle quizzes.
OR
Log In

Show Comments

Extras

Top Quizzes Today


Score Distribution

Your Account Isn't Verified!

In order to create a playlist on Sporcle, you need to verify the email address you used during registration. Go to your Sporcle Settings to finish the process.

Report this User

Report this user for behavior that violates our Community Guidelines.

Details: